The Art of War (Record no. 8540)

MARC details
000 -LEADER
fixed length control field 00364nam a2200157Ia 4500
008 - FIXED-LENGTH DATA ELEMENTS--GENERAL INFORMATION
fixed length control field 221030s9999 xx 000 0 und d
020 ## - INTERNATIONAL STANDARD BOOK NUMBER
ISBN 1569571007
041 ## - LANGUAGE CODE
Language code of text/sound track or separate title
082 ## - DEWEY DECIMAL CLASSIFICATION NUMBER
Classification number 105.23
Item number Tzu
100 ## - MAIN ENTRY--AUTHOR NAME
Personal name S. Tzu
245 #4 - TITLE STATEMENT
Title The Art of War
Statement of responsibility, etc by S. Tzu
260 ## - PUBLICATION, DISTRIBUTION, ETC. (IMPRINT)
Name of publisher Shambhala South Asia
Place of publication Boston
Year of publication 1999
300 ## - PHYSICAL DESCRIPTION
Number of Pages 172
650 ## - SUBJECT ADDED ENTRY--TOPICAL TERM
Topical Term General
942 ## - ADDED ENTRY ELEMENTS (KOHA)
Koha item type Books
Holdings
Accession Number Cost, normal purchase price Full call number Price effective from Koha item type Withdrawn / writtenoff status Materials specified (bound volume or other part) Damaged status Not for loan Permanent Location Current Location Shelving location Date acquired Lost/ Missing status department
BE 7334 195.00 105.23 Tzu 10/30/2022 Books   Print     MIET Library, Jammu MIET Library, Jammu BL-Academic Block C, FL-2, CUP-21, SH-5, R-5 06/21/2004   BE